000 00403nam a2200157Ia 4500
008 210716s2002 xx 000 0 und d
020 _a8178086875
041 _aeng
082 _a004.22 MANM
100 _aMano, M Morris.
245 _aComputer system architecture.
250 _a3
260 _aNew Delhi
_bPearson Education
_c2002
300 _axviii,525
650 _aComputer Arch., Org.(004.22)
999 _c182983
_d182983